000 00651nam a2200181Ia 4500
008 150610s9999 xx 000 0 und d
020 _a0 764811738
050 _aBX2355
_b .A938 2004   
100 _aAuer, Jim
245 _aHandbook for today's Catholic teen /
_cJim Auer.
260 _aLiguori, MO : 
_bLiguori, 
_c2004.
300 _a111pages :
_billustrations ;
_c19 cm.
504 _a"Companion volume to ... Handbook for today's Catholic"--Back cover.
520 _aCatholic youth.
650 _aCustoms and practices
_bCatholic Church.
650 _aDoctrines
_xCatholic Church.
650 _aHandbooks, manuals etc.
_xCatholic Church.
999 _c288238
_d288238